000 00640nam a2200217Ia 4500
005 20260429112016.0
008 260429s9999||||xx |||||||||||||| ||und||
020 _a9781032418735
041 _aEnglish
082 _a370.113
_bALE
100 _aAlexander, Rosie
245 0 _aHigher education, place, and career development :
_blearning from rural and island students /
_cRosie Alexander
250 _a1st ed.
260 _aNew Delhi :
_bRoutledge,
_c2025.
300 _axix, 213 p.; pbk
650 _a Higher education
650 _a Rural education
650 _a Student support
650 _aCareer development
942 _cTB
999 _c51870
_d51870